| 000 | 02377nas a2200589 i 4500 | ||
|---|---|---|---|
| 001 | 192859 | ||
| 003 | ES-MaACL | ||
| 005 | 20250217134938.0 | ||
| 007 | ta | ||
| 008 | 230612d19351955sp er p 0uuub0spa | ||
| 016 | 7 |
_abiseBNE19970285397 _2SpMaBN _zREB1996010148 |
|
| 022 | 0 | _a1577-936X | |
| 035 | _a(OCoLC)436715812 | ||
| 040 |
_aSpMaBN _bspa _cSIC _erdc _dES-MaACL |
||
| 080 | _a378 | ||
| 080 | _a331.105.44(460):378 | ||
| 080 | _a(051) | ||
| 130 | 0 |
_aHaz (Madrid) _9226674 |
|
| 210 | 0 |
_aHaz _bMadr. |
|
| 222 | 0 |
_aHaz _bMadrid |
|
| 245 | 1 | 0 |
_aHaz : _bsemanario deportivo universitario |
| 260 |
_aMadrid : _bSindicato Español Universitario, _c1935- |
||
| 300 |
_a6 v. ; _c42 cm |
||
| 310 |
_aquincenal _b1953-1955 |
||
| 321 |
_aIrregular _b1935-1936 |
||
| 321 |
_amensual _b1938-oct. 1940 |
||
| 321 |
_asemanal _bnov. 1940-1942 |
||
| 321 |
_amensual _b1943-1952 |
||
| 336 |
_2isbdcontent _aTexto (visual) |
||
| 337 |
_2isbdmedia _asin mediación |
||
| 362 | 0 | _aAño 1, n. 1 (26 marzo 1935)- | |
| 362 | 1 | _aCesó en 1955 | |
| 500 | _aCPPBAM, 1407 | ||
| 500 | _aVariaciones en el subtítítulo | ||
| 500 | _aPublicada de septiembre de 1938 a jul. de 1939 en Bilbao | ||
| 500 | _aTítulo tomado de la cabecera | ||
| 500 | _aVariaciones en el formato | ||
| 515 | _aLa publicación tiene 6 épocas con cambios de numeración: 1. época de 1935 a feb. de 1936; 2. época de 1938 a oct. de 1940; 3 época de nov. de 1940 a 1942; 4. época de 1943 a 1945; 5. época de 1951 a 1952; 6. época de 1953 a 1955 | ||
| 515 | _aNo se publica de marzo de 1936 a ag. 1938, y de 1946 a 1950 | ||
| 580 | _aExiste una reprod. fasc. de los números editados en la primera época de 1935 a 1936 | ||
| 610 | 2 | 4 |
_aSindicato Español Universitario (España) _2embne _96603 |
| 650 | 7 |
_aEnseñanza superior _2embne _vPublicaciones periódicas _9226675 |
|
| 700 |
_aCrespo, Alberto _9226676 |
||
| 710 | 2 |
_aSindicato Español Universitario (España) _96603 |
|
| 775 |
_tHaz (Madrid) _x1577-936X |
||
| 852 |
_aES-MaACL _9179638 _jHem-571 _dOlim: B-8098 _cDEPO1 |
||
| 856 | 4 | 2 |
_31935-1936 de la edición facsímil _uhttp://hemerotecadigital.bne.es/issn/1577-936X _zHemeroteca digital |
| 866 | _oFondos: 1935(1940)(1941)(1942)1943-1945(1946). Faltas: 1942(n.65) | ||
| 942 |
_2udc _n0 _cPERIODICA |
||
| 955 | _bOrex Digital | ||
| 999 |
_c192859 _d192859 |
||